| 000 | 00748nam a22002532a 4500 | ||
|---|---|---|---|
| 001 | 76994 | ||
| 003 | BD-RjUL | ||
| 005 | 20211209082919.0 | ||
| 008 | 200212s1923 nyu 000 1 eng d | ||
| 035 | _aOCLC ocm00961056 from D950602M | ||
| 035 | _a(BD-RjUL)77218 | ||
| 040 |
_aDLC _cKSU _dSER _dBD-RjUL _beng |
||
| 041 | _aeng | ||
| 082 |
_223 _a813.5 _bDEJ 1923 |
||
| 100 | 1 |
_aDell, Floyd, _d1887-1969. _9239272 |
|
| 245 | 1 | 0 |
_aJanet March : _ba novel / _cby Floyd Dell . |
| 260 |
_aNew York : _bA. A. Knopf, _c1923 |
||
| 300 |
_a457 p.; _c20 cm |
||
| 500 | _a"First and second printings before publication." | ||
| 650 |
_aNineteen twenties _9239273 |
||
| 650 |
_aWomen _xSocial conditions _9239274 |
||
| 942 |
_2ddc _cBK |
||
| 999 |
_c76994 _d76994 |
||